|
|
|
|
| LEADER |
00000naa2a2200000 4500 |
| 001 |
398211 |
| 005 |
20231101065022.0 |
| 035 |
|
|
|a (RuTPU)RU\TPU\prd\38078
|
| 090 |
|
|
|a 398211
|
| 100 |
|
|
|a 20050916a2005 k y0rusy50 ca
|
| 101 |
0 |
|
|a rus
|
| 102 |
|
|
|a RU
|
| 200 |
1 |
|
|a Методика расчета погрешности профиля сложнофасонного инструмента с учетом заданной точности обработки
|f Ю. И. Иванов
|
| 225 |
1 |
|
|a Конструирование, расчеты
|
| 320 |
|
|
|a Библиогр.: 5 назв.
|
| 461 |
|
0 |
|0 (RuTPU)RU\TPU\prd\1723
|x 0203-347X
|t Справочник. Инженерный журнал
|o научно-технический и производственный журнал
|d 2000-
|
| 463 |
|
0 |
|0 (RuTPU)RU\TPU\prd\37489
|t № 6
|v С. 17-20
|d 2005
|
| 610 |
1 |
|
|a сложнофасонные инструменты
|
| 610 |
1 |
|
|a профиль
|
| 610 |
1 |
|
|a погрешности
|
| 610 |
1 |
|
|a расчет
|
| 610 |
1 |
|
|a обработка
|
| 610 |
1 |
|
|a режущие инструменты
|
| 610 |
1 |
|
|a фасонные резцы
|
| 610 |
1 |
|
|a затылованные фрезы
|
| 610 |
1 |
|
|a методика
|
| 700 |
|
1 |
|a Иванов
|b Ю. И.
|
| 801 |
|
1 |
|a RU
|b 63413507
|c 20050916
|g PSBO
|
| 801 |
|
2 |
|a RU
|b 63413507
|c 20150908
|g RCR
|
| 942 |
|
|
|c BK
|